[Event "85th ch-St Petersburg SF"]
[Site "St Petersburg RUS"]
[Date "2012.01.30"]
[Round "3.17"]
[White "Panov,Ivan"]
[Black "Skvortsov,Alexander"]
[Result "1/2-1/2"]
[WhiteElo "2006"]
[BlackElo "2169"]
[WhiteFideId "24177750"]
[BlackFideId "24170038"]
[EventDate "2012.01.28"]

1. e4 c6 2. d4 d5 3. exd5 cxd5 4. c4 e6 5. Nc3 Nf6 6. Nf3 Nc6 7. c5 Be7 8. Bb5
O-O 9. Bxc6 bxc6 10. O-O Qc7 11. Re1 Nd7 12. b4 a5 13. b5 cxb5 14. Nxd5 Qd8 15.
Nxe7+ Qxe7 16. Bf4 Re8 17. Qd3 b4 18. Ng5 Nf6 19. Bd6 Ba6 20. Qg3 Qd8 21. Be5
Bb7 22. Ne4 Bxe4 23. Rxe4 g6 24. Bxf6 Qxf6 25. c6 a4 26. Rb1 Qf5 27. Qe5 Rec8
28. Rxb4 Rxc6 29. Re1 Rc2 30. Qxf5 gxf5 31. Ra1 a3 32. g3 Rb2 33. Rb3 Rd2 34.
Rb4 Rc8 35. Rb3 Rcc2 36. Rf3 Rxa2 37. Rxa2 Rxa2 38. Kg2 Kf8 39. d5 exd5 40. Rd3
Ke7 41. Rxd5 Ke6 42. Ra5 Ra1 43. Kf3 a2 44. h4 1/2-1/2

[Event "85th ch-St Petersburg SF"]
[Site "St Petersburg RUS"]
[Date "2012.01.31"]
[Round "4.1"]
[White "Malakhov,I"]
[Black "Ganichev,Alex"]
[Result "1-0"]
[WhiteTitle "FM"]
[WhiteElo "2422"]
[BlackElo "2275"]
[WhiteFideId "4183088"]
[BlackFideId "24143944"]
[EventDate "2012.01.28"]

1. e4 c5 2. Nf3 e6 3. d4 cxd4 4. Nxd4 Nf6 5. Nc3 d6 6. Be3 Be7 7. f4 O-O 8. Qf3
e5 9. Nf5 Bxf5 10. exf5 Nbd7 11. Bc4 Qa5 12. O-O-O Rac8 13. Bb3 Rxc3 14. bxc3
Qxc3 15. Kb1 a5 16. Bd2 Qc7 17. fxe5 dxe5 18. Qc3 Nc5 19. Rhe1 a4 20. Bxa4 Qb6+
21. Bb3 Nfe4 22. Qc4 Nxd2+ 23. Rxd2 e4 24. Rd5 Qa7 25. f6 gxf6 26. Re3 b5 27.
Qxb5 Rb8 28. Qe2 Qa3 29. Rg3+ Kf8 30. Qg4 Ke8 31. Qf4 Qb4 32. Rg8+ Bf8 33. Qd6 1-0

[Event "85th ch-St Petersburg SF"]
[Site "St Petersburg RUS"]
[Date "2012.01.31"]
[Round "4.2"]
[White "Bazeev,G"]
[Black "Levin,Ev"]
[Result "1/2-1/2"]
[BlackTitle "GM"]
[WhiteElo "2315"]
[BlackElo "2498"]
[WhiteFideId "24119350"]
[BlackFideId "4182596"]
[EventDate "2012.01.28"]

1. d4 Nf6 2. c4 g6 3. Nc3 Bg7 4. e4 d6 5. f4 O-O 6. Nf3 c5 7. d5 e6 8. Be2 exd5
9. cxd5 Bg4 10. O-O Nbd7 11. h3 Bxf3 12. Bxf3 a6 13. g4 h6 14. Be3 b5 15. Bf2
Re8 16. Qc2 Nh7 17. Rae1 Rc8 18. e5 dxe5 19. f5 Ng5 20. Bg2 e4 21. fxg6 fxg6 22.
Nxe4 Nxe4 23. Bxe4 Ne5 24. Bg3 c4 25. Qf2 Rf8 26. Qe3 Rxf1+ 27. Rxf1 Qd6 28. Kh1
Rf8 29. Re1 Re8 30. Rf1 Rf8 31. Re1 Re8 32. Rf1 Rf8 33. Re1 1/2-1/2

[Event "85th ch-St Petersburg SF"]
[Site "St Petersburg RUS"]
[Date "2012.01.31"]
[Round "4.3"]
[White "Alekseenko,K"]
[Black "Rozum,I"]
[Result "1/2-1/2"]
[WhiteTitle "FM"]
[BlackTitle "IM"]
[WhiteElo "2376"]
[BlackElo "2475"]
[WhiteFideId "4135539"]
[BlackFideId "24104272"]
[EventDate "2012.01.28"]

1. e4 g6 2. d4 Bg7 3. Nc3 d6 4. Nf3 Nf6 5. Be3 c6 6. Qd2 b5 7. Bd3 Bg4 8. h3
Bxf3 9. gxf3 Nbd7 10. f4 e5 11. O-O-O Qe7 12. fxe5 dxe5 13. f4 exd4 14. Bxd4 O-O
15. e5 Nh5 16. Rhg1 Rad8 17. Qf2 b4 18. Ne4 c5 19. Be3 Nxe5 20. fxe5 Qxe5 21.
Nxc5 Rfe8 22. Kd2 Qxb2 23. Rc1 Bd4 24. Bxd4 Rxd4 25. Na4 Rxd3+ 26. Kxd3 Qa3+ 27.
Kd2 Qxa4 28. Rg4 Qa3 29. Qd4 Qxh3 30. Rcg1 a5 31. Rg5 Ng7 32. Kc1 Nf5 33. Qd7
Re2 34. Qxf5 Qc3 35. Kb1 Re1+ 36. Rxe1 Qxe1+ 37. Kb2 Qc3+ 38. Kb1 Qe1+ 39. Kb2
Qc3+ 40. Kb1 Qe1+ 1/2-1/2

[Event "85th ch-St Petersburg SF"]
[Site "St Petersburg RUS"]
[Date "2012.01.31"]
[Round "4.5"]
[White "Solovyov,V"]
[Black "Belenkaya,D"]
[Result "1-0"]
[BlackTitle "WFM"]
[WhiteElo "2293"]
[BlackElo "2208"]
[WhiteFideId "4102754"]
[BlackFideId "24142654"]
[EventDate "2012.01.28"]

1. Nf3 d5 2. d4 Nf6 3. c4 dxc4 4. Qa4+ Nbd7 5. Nc3 g6 6. e4 c6 7. Qxc4 Bg7 8.
Qb3 Nb6 9. Be2 O-O 10. O-O Bg4 11. Be3 Nfd7 12. Rfd1 Qc7 13. Rac1 Rac8 14. a4
Qb8 15. a5 Na8 16. h3 Bxf3 17. Bxf3 Nc7 18. Be2 Rcd8 19. Bc4 a6 20. e5 b5 21.
axb6 Nxb6 22. Bg5 Rde8 23. Bf1 h6 24. Bh4 Nbd5 25. Qa3 Qb4 26. Nxd5 Nxd5 27.
Rxc6 g5 28. Bg3 Rb8 29. Bc4 e6 30. Bxd5 exd5 31. Rd6 Qc4 32. Rxa6 Rxb2 33. Qxb2
Qxa6 34. Qb3 Rd8 35. Rc1 Bf8 36. Qf3 Qb6 37. h4 Be7 38. hxg5 hxg5 39. Qg4 Kg7
40. Rd1 Qg6 41. Rf1 Qe4 42. Qd1 Rh8 43. Re1 Qh7 44. f3 Bb4 45. Rf1 Bc3 46. e6 f6
47. Qa4 Qf5 48. Qd7+ Kh6 49. Bf2 Rh7 50. Qc8 Bb4 51. Be3 Re7 52. Qf8+ Kg6 53.
Qg8+ Kh6 54. Qh8+ Rh7 55. Qg8 Rg7 56. g4 Qxg4+ 57. fxg4 Rxg8 58. Rxf6+ Kg7 59.
Rf5 Re8 60. Rxg5+ Kf6 61. Rxd5 Rxe6 62. Rf5+ Kg6 63. Kf2 Bd6 64. Kf3 Re8 65. Bf4
Bb4 66. Rb5 Bc3 67. Rb6+ Kf7 68. Be5 Rd8 69. Ke4 Rg8 70. Kf5 Rd8 71. Rb7+ Kg8
72. Ke4 Ra8 73. g5 Ra1 74. g6 Rg1 1-0

[Event "85th ch-St Petersburg SF"]
[Site "St Petersburg RUS"]
[Date "2012.01.31"]
[Round "4.6"]
[White "Vunder,A"]
[Black "Golovankov,V"]
[Result "1-0"]
[WhiteElo "2271"]
[BlackElo "2288"]
[WhiteFideId "4128338"]
[BlackFideId "4129423"]
[EventDate "2012.01.28"]

1. d4 Nf6 2. Nf3 c5 3. e3 d5 4. c4 e6 5. cxd5 exd5 6. Bb5+ Nc6 7. O-O Bd6 8.
dxc5 Bxc5 9. Qc2 Qb6 10. Bxc6+ bxc6 11. Nc3 Bb4 12. Bd2 O-O 13. Na4 Qa5 14. Bxb4
Qxb4 15. Nd4 Bd7 16. Nc5 Be8 17. Rac1 Qb8 18. h3 a5 19. b3 Qd6 20. Qf5 h6 21.
Rfd1 Nd7 22. Na4 Ne5 23. Qf4 Ra6 24. Nc5 Rb6 25. Nf5 Qf6 26. Nxh6+ Qxh6 27. Qxe5
Rb4 28. Rd4 f6 29. Qe7 Bg6 30. Rxb4 axb4 31. Ne6 Re8 32. Qd7 d4 33. Re1 dxe3 34.
Rxe3 Bf7 35. Ng5 Qxg5 36. Rxe8+ Bxe8 37. Qxe8+ Kh7 38. Qe4+ Kh8 39. Qxb4 Qc1+
40. Kh2 Qb2 41. Qh4+ Kg8 42. Qc4+ Kh8 43. Qxc6 Qxf2 44. Qe8+ Kh7 45. Qh5+ Kg8
46. Qd5+ Kh7 47. Qd3+ Kh6 48. a4 Qf4+ 49. Qg3 Qb4 50. Qe3+ g5 51. Qg3 Kg6 52.
Qd3+ Kh6 53. Qf3 Kg7 54. Qd5 Qf4+ 55. Kg1 f5 56. Qb7+ Kg6 57. Qc6+ Kg7 58. Qc3+
Kg6 59. a5 g4 60. hxg4 fxg4 61. g3 Qf5 62. Qc6+ Kg5 63. Qc1+ Kg6 64. b4 Qf3 65.
Qe1 Qd5 66. Qf2 Qd3 67. b5 Kg7 68. b6 Qb1+ 69. Qf1 Qb3 70. Qe1 Kh6 71. Qd2+ Kh5
72. Kh2 Qb5 73. Qa2 Kg6 74. a6 Qh5+ 75. Kg1 Qc5+ 76. Qf2 Qc1+ 77. Kg2 Qc6+ 78.
Kh2 Kg7 79. Qd4+ Kf7 80. Qf4+ Ke8 81. Qb8+ 1-0

[Event "85th ch-St Petersburg SF"]
[Site "St Petersburg RUS"]
[Date "2012.01.31"]
[Round "4.7"]
[White "Saveliev,Alexei"]
[Black "Serov,M"]
[Result "0-1"]
[WhiteElo "2074"]
[BlackElo "2397"]
[WhiteFideId "24128546"]
[BlackFideId "4181905"]
[EventDate "2012.01.28"]

1. e4 c5 2. Nf3 e6 3. d4 cxd4 4. Nxd4 a6 5. Nc3 Qc7 6. Be2 Nf6 7. O-O Bb4 8. Qd3
O-O 9. Bg5 Be7 10. Rad1 b5 11. Bf3 Ng4 12. Bxg4 Bxg5 13. Nce2 Bf6 14. f4 d6 15.
c3 Nd7 16. Qe3 Bb7 17. Rd2 Nb6 18. b3 Nd7 19. Rfd1 Nc5 20. Bf3 Rfe8 21. Nc2 Rad8
22. Nb4 Be7 23. Kf1 Rc8 24. g3 Qb8 25. Nd3 Nd7 26. Kg2 Nf6 27. Nf2 Bf8 28. h3
Qa8 29. Qd3 Rc5 30. Kh2 e5 31. f5 d5 32. exd5 Bxd5 33. Bxd5 Rxd5 34. Qf3 e4 35.
Nxe4 Rxd2 36. Nxf6+ Kh8 0-1

[Event "85th ch-St Petersburg SF"]
[Site "St Petersburg RUS"]
[Date "2012.01.31"]
[Round "4.9"]
[White "Barhudarian,R"]
[Black "Pershin,Denis"]
[Result "1/2-1/2"]
[WhiteTitle "FM"]
[WhiteElo "2333"]
[BlackElo "2096"]
[WhiteFideId "4182685"]
[BlackFideId "24165506"]
[EventDate "2012.01.28"]

1. e4 c5 2. Nf3 d6 3. d4 cxd4 4. Qxd4 Nc6 5. Bb5 Bd7 6. Bxc6 Bxc6 7. Nc3 Nf6 8.
Bg5 e6 9. O-O-O Be7 10. e5 dxe5 11. Qxe5 Qb8 12. Qe3 Ng4 13. Qd4 Bxg5+ 14. Nxg5
Nf6 15. Qc5 Qf4+ 16. Kb1 Nd7 17. Rxd7 Kxd7 18. Rd1+ Kc8 19. Nb5 Rd8 20. Rxd8+
Kxd8 21. g3 Qd2 22. Qf8+ Be8 23. Nxf7+ Kd7 24. Ne5+ Kd8 25. Nf7+ Kd7 26. Ne5+
Kd8 27. Nf7+ Kd7 1/2-1/2

[Event "85th ch-St Petersburg SF"]
[Site "St Petersburg RUS"]
[Date "2012.01.31"]
[Round "4.12"]
[White "Gorjunov,S2"]
[Black "Kitsis,A"]
[Result "0-1"]
[WhiteElo "2088"]
[BlackElo "2195"]
[WhiteFideId "4166590"]
[BlackFideId "4184025"]
[EventDate "2012.01.28"]

1. c4 Nf6 2. Nc3 d5 3. cxd5 Nxd5 4. g3 g6 5. Bg2 Nxc3 6. bxc3 Bg7 7. Rb1 c6 8.
Nf3 O-O 9. O-O e5 10. Qc2 Qe7 11. d3 Re8 12. Be3 Nd7 13. Nd2 Nf6 14. Nb3 Qc7 15.
a4 h5 16. a5 h4 17. Nc5 hxg3 18. fxg3 Ng4 19. Bd2 b6 20. Ne4 Bf5 21. h3 Bxe4 22.
Bxe4 Nf6 23. Bf3 Rab8 24. Qa4 b5 25. Qa2 a6 26. Kg2 Re6 27. c4 Rbe8 28. cxb5
cxb5 29. Rbc1 Qd7 30. Bc3 e4 31. dxe4 Nxe4 32. Bxg7 Kxg7 33. Qc2 Ng5 34. Rcd1
Rxe2+ 35. Bxe2 Qxh3+ 36. Kf2 Ne4+ 37. Ke3 Nxg3+ 38. Kd4 Nxe2+ 0-1

[Event "85th ch-St Petersburg SF"]
[Site "St Petersburg RUS"]
[Date "2012.01.31"]
[Round "4.14"]
[White "Sheynin,I"]
[Black "Ivanov,Mir"]
[Result "0-1"]
[WhiteElo "2093"]
[BlackElo "2070"]
[WhiteFideId "4186230"]
[BlackFideId "4140273"]
[EventDate "2012.01.28"]

1. e4 c5 2. Nf3 Nc6 3. d4 cxd4 4. Nxd4 Nf6 5. Nc3 d6 6. Bg5 e6 7. Qd2 a6 8.
O-O-O Bd7 9. f4 Qc7 10. Be2 Rc8 11. Bf3 b5 12. Nxc6 Bxc6 13. Bxf6 gxf6 14. Rhe1
Be7 15. Kb1 O-O 16. Re3 Rfd8 17. f5 b4 18. fxe6 fxe6 19. Ne2 d5 20. exd5 Bxd5
21. Bxd5 Rxd5 22. Rd3 Rxd3 23. cxd3 Qxh2 24. Nf4 Kf7 25. Qf2 Bd6 26. Ne2 Qe5 27.
Rh1 Kg6 28. Rh4 Qf5 29. Qxf5+ exf5 30. Nf4+ Kg5 31. g3 Re8 32. Rxh7 Bxf4 33.
gxf4+ Kxf4 34. Kc2 Ke3 35. Rh3+ Ke2 36. Rh2+ Kf3 37. Kd2 f4 38. d4 Kg3 39. Rh6
Re6 40. d5 Rd6 41. Ke2 Kg4 42. Kf2 a5 43. Ke2 Kg5 44. Rh8 Rxd5 45. Rg8+ Kf5 46.
Rc8 Ke4 47. Re8+ Re5 48. Rc8 f3+ 49. Kf2 Kf4 50. Rc4+ Re4 51. Rc5 Re2+ 0-1

[Event "85th ch-St Petersburg SF"]
[Site "St Petersburg RUS"]
[Date "2012.01.31"]
[Round "4.16"]
[White "Kuzmin,E"]
[Black "Panov,Ivan"]
[Result "0-1"]
[WhiteElo "2132"]
[BlackElo "2006"]
[WhiteFideId "24101737"]
[BlackFideId "24177750"]
[EventDate "2012.01.28"]

1. d4 d5 2. Nf3 c6 3. c4 e6 4. e3 Nf6 5. b3 Nbd7 6. Bb2 Be7 7. Bd3 O-O 8. O-O b6
9. Nbd2 Bb7 10. Ne5 c5 11. f4 Ne4 12. Ndf3 f6 13. Nxd7 Qxd7 14. cxd5 exd5 15.
dxc5 Nxc5 16. Bc2 Rfd8 17. Nd4 Ne4 18. b4 a6 19. a3 f5 20. Nf3 Bf6 21. Ne5 Bxe5
22. Bxe5 Rac8 23. Bb3 Qe6 24. Qd3 Nd6 25. Bxd6 Rxd6 26. Rac1 Re8 27. Kf2 Re7 28.
Rc3 Kf8 29. Rd1 Qg6 30. g3 Qh5 31. Kg1 d4 32. Qc4 Bd5 33. Qc8+ Re8 34. Rxd4 Rxc8
35. Rxc8+ Ke7 36. Bxd5 Qe2 37. Rcc4 Rxd5 38. Rxd5 Qxc4 39. Re5+ Kf6 40. Re8 Qc1+
41. Kf2 Qxa3 42. Rc8 Qxb4 43. Rc6+ Ke7 44. Rc7+ Kd6 0-1

[Event "85th ch-St Petersburg SF"]
[Site "St Petersburg RUS"]
[Date "2012.01.31"]
[Round "4.17"]
[White "Vlasov,Eg"]
[Black "Korennoi,V"]
[Result "1-0"]
[WhiteElo "2287"]
[BlackElo "2251"]
[WhiteFideId "4146360"]
[BlackFideId "24110140"]
[EventDate "2012.01.28"]

1. e4 c5 2. Nf3 Nc6 3. d4 cxd4 4. Nxd4 Nf6 5. Nc3 e5 6. Ndb5 d6 7. a4 a6 8. Na3
Bg4 9. f3 Be6 10. Bc4 Nd4 11. Bg5 Rc8 12. Bxf6 gxf6 13. Nd5 Bxd5 14. Bxd5 Qb6
15. Nc4 Rxc4 16. Bxc4 Rg8 17. g3 Bh6 18. c3 Qxb2 19. cxd4 Qc3+ 20. Kf2 Qxc4 21.
Ra3 exd4 22. f4 Ke7 23. Qd3 Qc5 24. Rb3 b6 25. Rhb1 Qh5 26. Kg2 Bxf4 27. Qf3 Rg4
28. Rxb6 Kf8 29. Rxa6 f5 30. Rb5 Be5 31. exf5 Kg7 32. f6+ Kh6 33. Rxd6 Qg6 34.
Rxe5 1-0

[Event "85th ch-St Petersburg SF"]
[Site "St Petersburg RUS"]
[Date "2012.02.01"]
[Round "5.1"]
[White "Levin,Ev"]
[Black "Malakhov,I"]
[Result "1/2-1/2"]
[WhiteTitle "GM"]
[BlackTitle "FM"]
[WhiteElo "2498"]
[BlackElo "2422"]
[WhiteFideId "4182596"]
[BlackFideId "4183088"]
[EventDate "2012.01.28"]

1. d4 d5 2. c4 c6 3. Nc3 Nf6 4. e3 g6 5. Nf3 Bg7 6. Be2 O-O 7. O-O Bg4 8. cxd5
Nxd5 9. h3 Bxf3 10. Bxf3 Nb6 11. Qb3 N8d7 12. Rd1 e5 13. dxe5 Qe7 14. Be2 Nxe5
15. Bd2 c5 16. Be1 c4 17. Qc2 Rfd8 18. Rxd8+ Rxd8 19. Rd1 h6 20. Kf1 Nc6 21.
Rxd8+ Qxd8 22. Na4 Nxa4 23. Qxa4 Bxb2 24. Bxc4 Bf6 25. Qb3 Qc7 26. Bd5 Kg7 27.
Qc4 Qb6 28. Qb3 Qc7 29. Qb5 Nd8 30. Bc4 a6 31. Qb3 b5 32. Bd5 Nb7 33. Bb4 a5 34.
Bxb7 axb4 35. Bd5 Qc1+ 36. Ke2 Qb2+ 37. Qxb2 Bxb2 38. Bc6 f5 39. Bxb5 Kf6 40.
Kd3 Be5 41. Kc4 Bd6 42. Kd5 Bh2 43. f4 g5 44. Kc4 Bg1 45. fxg5+ hxg5 46. Kxb4
Bxe3 47. Bd7 f4 48. Kb5 Ke5 49. Kc6 Bd2 50. a4 Be1 51. Bg4 Bd2 52. Kb6 Be3+ 1/2-1/2

[Event "85th ch-St Petersburg SF"]
[Site "St Petersburg RUS"]
[Date "2012.02.01"]
[Round "5.2"]
[White "Rozum,I"]
[Black "Vunder,A"]
[Result "1-0"]
[WhiteTitle "IM"]
[WhiteElo "2475"]
[BlackElo "2271"]
[WhiteFideId "24104272"]
[BlackFideId "4128338"]
[EventDate "2012.01.28"]

1. d4 d5 2. c4 e6 3. Nf3 c5 4. cxd5 exd5 5. g3 Nf6 6. Bg2 Be7 7. O-O O-O 8. Nc3
Nc6 9. dxc5 Bxc5 10. Na4 Bd6 11. Be3 Re8 12. Rc1 Rxe3 13. fxe3 Ng4 14. Qd2 Qe7
15. Nc3 Be6 16. Kh1 Rd8 17. Nb5 Bb4 18. Qd3 Bc8 19. Nfd4 Nxe3 20. Rxc6 Nxf1 21.
Rxc8 Rxc8 22. Bxf1 Rc1 23. Kg2 a6 24. Nb3 Re1 25. N5d4 Qf6 26. Nf3 Rxf1 27. Kxf1
Qxb2 28. a4 Qa2 29. Qxd5 Qxa4 30. Qxb7 g6 31. Qd5 Qe8 32. Ng5 Bf8 33. Qc4 Qd7
34. Nf3 Bg7 35. Na5 Qd6 36. Nc6 Qa3 37. Ng5 Qa1+ 38. Kg2 Qf6 39. Nf3 Qa1 40.
Ne7+ 1-0

[Event "85th ch-St Petersburg SF"]
[Site "St Petersburg RUS"]
[Date "2012.02.01"]
[Round "5.3"]
[White "Usmanov,V"]
[Black "Alekseenko,K"]
[Result "1/2-1/2"]
[BlackTitle "FM"]
[WhiteElo "2315"]
[BlackElo "2376"]
[WhiteFideId "4135741"]
[BlackFideId "4135539"]
[EventDate "2012.01.28"]

1. d4 Nf6 2. c4 e6 3. g3 c5 4. d5 exd5 5. cxd5 d6 6. Nc3 g6 7. Bg2 Bg7 8. Nf3
O-O 9. O-O a6 10. a4 Nbd7 11. h3 Rb8 12. Bf4 Ne8 13. e4 b5 14. axb5 axb5 15. Qe2
c4 16. Na2 h6 17. Nb4 Bb7 18. Be3 Nc5 19. Nd4 Qd7 20. Nbc6 Rc8 21. Na7 Bxd4 22.
Bxd4 Ra8 23. Bxc5 dxc5 24. e5 Bxd5 25. Bxd5 Qxd5 26. Nxb5 Rb8 27. Nc3 Qe6 28. h4
Ng7 29. Rfd1 Nf5 30. Nd5 Nd4 31. Qxc4 Kg7 32. Ra6 Qxe5 33. Qxc5 Ne2+ 34. Kf1
Rfe8 35. Ra3 Rbc8 36. Qe3 Qf5 37. Qf3 Qh3+ 38. Qg2 Qg4 39. Qf3 Qh3+ 40. Qg2 Qg4 1/2-1/2

[Event "85th ch-St Petersburg SF"]
[Site "St Petersburg RUS"]
[Date "2012.02.01"]
[Round "5.4"]
[White "Ganichev,Alex"]
[Black "Bazeev,G"]
[Result "1/2-1/2"]
[WhiteElo "2275"]
[BlackElo "2315"]
[WhiteFideId "24143944"]
[BlackFideId "24119350"]
[EventDate "2012.01.28"]

1. e4 c5 2. Nf3 Nc6 3. d4 cxd4 4. Nxd4 Nf6 5. Nc3 d6 6. Bg5 e6 7. Qd2 a6 8.
O-O-O Bd7 9. f4 b5 10. Nxc6 Bxc6 11. Bd3 Be7 12. e5 dxe5 13. fxe5 Nd5 14. Bxe7
Qxe7 15. Ne4 O-O 16. Rhf1 f5 17. exf6 Nxf6 18. Qe2 Bxe4 19. Bxe4 Rad8 20. Kb1 e5
21. Rfe1 Qc5 22. g4 h6 23. h4 Nxe4 24. Qxe4 Rxd1+ 25. Rxd1 Qd4 26. Qxd4 exd4 27.
a4 Rf4 28. axb5 axb5 29. Rg1 Kf7 30. Ka2 Ke6 31. Kb3 Kd5 32. h5 Kc5 33. Rg3 Re4
34. c3 dxc3 35. bxc3 Rf4 36. g5 Rf5 37. gxh6 gxh6 38. Rh3 Rg5 39. Rh4 Rf5 40.
Rh3 Rg5 1/2-1/2

[Event "85th ch-St Petersburg SF"]
[Site "St Petersburg RUS"]
[Date "2012.02.01"]
[Round "5.6"]
[White "Martynov,P2"]
[Black "Duzhakov,I"]
[Result "1-0"]
[BlackTitle "FM"]
[WhiteElo "2237"]
[BlackElo "2303"]
[WhiteFideId "4122186"]
[BlackFideId "4192516"]
[EventDate "2012.01.28"]

1. e4 e6 2. d4 d5 3. Nc3 Bb4 4. e5 c5 5. a3 Bxc3+ 6. bxc3 Qa5 7. Bd2 Qa4 8. h4
Nc6 9. Nf3 Nge7 10. h5 h6 11. Rh4 c4 12. Rf4 Bd7 13. g4 g5 14. hxg6 fxg6 15. Rf6
Ng8 16. Rxg6 Nce7 17. Rf6 Nxf6 18. exf6 Ng8 19. g5 hxg5 20. f7+ Kxf7 21. Ne5+
Ke8 22. Bxg5 Ne7 23. Qf3 Rh7 24. Kd2 b5 25. Bh3 b4 26. Bg4 bxc3+ 27. Kd1 Rb8 28.
Bh5+ Kd8 29. Bg6 Rh8 30. Nf7+ Kc7 31. Bxe7 Rhg8 32. Bd6+ Kc8 33. Bxb8 Kxb8 34.
Ne5 Be8 35. Qg3 Ka8 36. Rb1 Qxa3 37. Bxe8 Rxe8 38. Nd7 e5 39. Nxe5 Qa2 40. Rc1
Rh8 41. Qxc3 Rh4 42. Kd2 Qa6 43. Rg1 Qb6 44. Rg8+ Kb7 45. Rb8+ Kxb8 46. Nd7+ Kb7
47. Nxb6 axb6 48. f3 1-0

[Event "85th ch-St Petersburg SF"]
[Site "St Petersburg RUS"]
[Date "2012.02.01"]
[Round "5.7"]
[White "Belenkaya,D"]
[Black "Barhudarian,R"]
[Result "1/2-1/2"]
[WhiteTitle "WFM"]
[BlackTitle "FM"]
[WhiteElo "2208"]
[BlackElo "2333"]
[WhiteFideId "24142654"]
[BlackFideId "4182685"]
[EventDate "2012.01.28"]

1. e4 c5 2. Nf3 g6 3. d4 Bg7 4. dxc5 Qa5+ 5. c3 Qxc5 6. Na3 b6 7. Nb5 Bb7 8. Be3
Qc8 9. Bf4 Na6 10. e5 Nc5 11. Qd2 Ne6 12. Be3 h5 13. Bd3 Nh6 14. h3 Nc5 15. Bc2
a6 16. Nbd4 Ne4 17. Qc1 Qc4 18. Bb3 Qc7 19. Bf4 Nc5 20. Qe3 Ne6 21. Bxe6 dxe6
22. O-O Rd8 23. Rad1 Bd5 24. Rfe1 Qb7 25. Qe2 b5 26. Qe3 Rd7 27. Nb3 Nf5 28. Qe2
Bxf3 29. Rxd7 Qxd7 30. Qxf3 O-O 31. g4 hxg4 32. hxg4 Nh4 33. Qg3 g5 34. Bxg5 Ng6
35. Nd4 Qd5 36. f4 b4 37. Re2 bxc3 38. bxc3 Rb8 39. Qf3 Rb1+ 40. Kg2 Qxf3+ 1/2-1/2

[Event "85th ch-St Petersburg SF"]
[Site "St Petersburg RUS"]
[Date "2012.02.01"]
[Round "5.10"]
[White "Golovankov,V"]
[Black "Pershin,Denis"]
[Result "1-0"]
[WhiteElo "2288"]
[BlackElo "2096"]
[WhiteFideId "4129423"]
[BlackFideId "24165506"]
[EventDate "2012.01.28"]

1. d4 Nf6 2. Nf3 c5 3. e3 e6 4. Bd3 d5 5. b3 Nc6 6. O-O Bd6 7. Bb2 Qc7 8. c4 e5
9. dxc5 Bxc5 10. cxd5 Nxd5 11. Bb5 Be6 12. Bxe5 Qb6 13. Bxc6+ Qxc6 14. Nd4 Bxd4
15. Bxd4 O-O 16. Nd2 b6 17. Rc1 Qd7 18. Nc4 Rfc8 19. Qd2 b5 20. Ne5 Qb7 21. Nd3
Rxc1 22. Rxc1 Rc8 23. Nc5 Qc6 24. e4 Ne7 25. f3 f6 26. Be3 Bf7 27. Rd1 Kf8 28.
Qa5 Be8 29. Qxa7 Ra8 30. Ne6+ Kf7 31. Nd8+ Rxd8 32. Rxd8 Qc3 33. Rd1 1-0

[Event "85th ch-St Petersburg SF"]
[Site "St Petersburg RUS"]
[Date "2012.02.01"]
[Round "5.11"]
[White "Balaian,Ali"]
[Black "Shpartko,G"]
[Result "0-1"]
[WhiteElo "2232"]
[BlackElo "2129"]
[WhiteFideId "24115347"]
[BlackFideId "24122254"]
[EventDate "2012.01.28"]

1. e4 e5 2. d4 exd4 3. Qxd4 Nc6 4. Qe3 g6 5. Bd2 Bg7 6. Bc3 Nf6 7. Nd2 O-O 8.
O-O-O d5 9. Qf4 d4 10. Nb3 dxc3 11. Rxd8 cxb2+ 12. Kb1 Rxd8 13. Be2 g5 14. Qe3
g4 15. Bd3 a5 16. a3 a4 17. Nd2 Ne5 18. Ne2 Nxd3 19. cxd3 b5 20. Nd4 Bd7 21. Nc2
c5 22. f4 b4 23. Qxc5 Rac8 24. Qxb4 Rb8 25. Qa5 Bb5 26. Nb4 Rxd3 27. Qxb5 Rxb5
28. Nxd3 Rb8 29. Nf2 Bf8 30. Ka2 Rd8 31. Rd1 Bc5 32. Nb1 Re8 33. e5 Bxf2 34.
exf6 h6 35. Nc3 Bh4 36. Rd6 g3 37. h3 Re1 38. Kxb2 Rg1 39. Nd5 Rxg2+ 40. Kc3 Ra2
41. Rd8+ Kh7 42. Rf8 Bxf6+ 43. Nxf6+ Kg7 44. Rg8+ Kxf6 45. Kb4 Kf5 46. Rxg3 Kxf4
47. Rg4+ Kf5 48. Kxa4 h5 49. Rb4 Re2 50. Rb3 Kf4 51. Kb5 Re5+ 52. Kb4 f5 53. a4
Ke4 54. a5 f4 55. a6 f3 56. a7 Re8 57. Kc3 Ra8 58. Kd2 Kf4 59. Rb7 Kg3 60. Rg7+
Kf2 61. Rd7 h4 62. Kd3 Kg2 63. Rg7+ Kf1 64. Ke3 f2 65. Kd2 Rd8+ 66. Kc2 Ke2 67.
Re7+ Kf3 68. Rf7+ Kg2 69. Rg7+ Kxh3 70. Rf7 Kg2 71. Rg7+ Kf1 72. Rh7 h3 73. Rxh3
Kg2 74. Rd3 Rc8+ 75. Rc3 Ra8 0-1

[Event "85th ch-St Petersburg SF"]
[Site "St Petersburg RUS"]
[Date "2012.02.01"]
[Round "5.12"]
[White "Monin,N"]
[Black "Saveliev,Alexei"]
[Result "1/2-1/2"]
[WhiteTitle "IM"]
[WhiteElo "2360"]
[BlackElo "2074"]
[WhiteFideId "4104013"]
[BlackFideId "24128546"]
[EventDate "2012.01.28"]

1. d4 Nf6 2. Nf3 e6 3. e3 d5 4. Bd3 c5 5. c3 Nc6 6. O-O Be7 7. Nbd2 O-O 8. dxc5
Bxc5 9. e4 Be7 10. Qe2 Qc7 11. Re1 Re8 12. h3 b6 13. exd5 exd5 14. Nb3 Bf8 15.
Be3 Ne4 16. Nbd4 Nxd4 17. Nxd4 Bd7 18. Qf3 Rad8 19. Bf4 Qb7 20. Re2 Bc5 21. Rae1
f5 22. Bc2 Bxd4 23. cxd4 Bb5 24. Re3 Qf7 25. Qd1 g6 26. f3 Nf6 27. Qd2 Rxe3 28.
Rxe3 Re8 29. Be5 Rc8 30. Rc3 Ba6 31. Ra3 Bb5 32. Bxf6 Qxf6 33. Rxa7 f4 34. a4
Qh4 35. Bb3 Bc4 36. Bxc4 Rxc4 37. b3 Rc2 38. Qxc2 Qe1+ 39. Kh2 Qg3+ 40. Kg1 Qe1+
41. Kh2 Qg3+ 42. Kg1 Qe1+ 43. Kh2 Qg3+ 1/2-1/2